Molecular characterization and antimicrobial susceptibility of bacterial causes isolated fromotitis in pet Animals / (Record no. 179639)

MARC details
000 -LEADER
fixed length control field 05424namaa22004451i 4500
003 - CONTROL NUMBER IDENTIFIER
control field EG-GICUC
005 - أخر تعامل مع التسجيلة
control field 20260421103432.0
008 - FIXED-LENGTH DATA ELEMENTS--GENERAL INFORMATION
fixed length control field 260421s2025 ua a|||frm||| 000 0 eng d
040 ## - CATALOGING SOURCE
Original cataloguing agency EG-GICUC
Language of cataloging eng
Transcribing agency EG-GICUC
Modifying agency EG-GICUC
Description conventions rda
041 0# - LANGUAGE CODE
Language code of text/sound track or separate title eng
Language code of summary or abstract eng
-- ara
049 ## - Acquisition Source
Acquisition Source Deposit
082 04 - DEWEY DECIMAL CLASSIFICATION NUMBER
Classification number 636.089692
092 ## - LOCALLY ASSIGNED DEWEY CALL NUMBER (OCLC)
Classification number 636.089692
Edition number 21
097 ## - Degree
Degree M.Sc
099 ## - LOCAL FREE-TEXT CALL NUMBER (OCLC)
Local Call Number Cai01.10.10.M.Sc.2025.Ma.M
100 0# - MAIN ENTRY--PERSONAL NAME
Authority record control number or standard number Mayson Hamdy Abd El-Aziz Nagy,
Preparation preparation.
245 10 - TITLE STATEMENT
Title Molecular characterization and antimicrobial susceptibility of bacterial causes isolated fromotitis in pet Animals /
Statement of responsibility, etc. by Mayson Hamdy Abd El-Aziz Nagy ; Supervisors Prof. Dr. Mahmoud El-Sayed Hashad, Prof. Dr. Sherif Abd El Monem Marouf, Prof. Dr. Soliman Mohamed Soliman.
246 15 - VARYING FORM OF TITLE
Title proper/short title التوصيف الجزيئي وحساسية مضادات الميكروبات للأسباب البكتيرية المعزولة من التهاب الأذن في الحيوانات الأليفة
264 #0 - PRODUCTION, PUBLICATION, DISTRIBUTION, MANUFACTURE, AND COPYRIGHT NOTICE
Date of production, publication, distribution, manufacture, or copyright notice 2025.
300 ## - PHYSICAL DESCRIPTION
Extent 54 pages :
Other physical details illustrations ;
Dimensions 25 cm. +
Accompanying material CD.
336 ## - CONTENT TYPE
Content type term text
Source rda content
337 ## - MEDIA TYPE
Media type term Unmediated
Source rdamedia
338 ## - CARRIER TYPE
Carrier type term volume
Source rdacarrier
502 ## - DISSERTATION NOTE
Dissertation note Thesis (M.Sc)-Cairo University, 2025.
504 ## - BIBLIOGRAPHY, ETC. NOTE
Bibliography, etc. note Bibliography: pages 45-54.
520 #3 - SUMMARY, ETC.
Summary, etc. The aetiology of otitis in dogs and cats is multifactorial and complex, involving <br/>bacterial and fungal pathogens. As empiric antimicrobial prescription is a common <br/>practice when treating such cases, antimicrobial resistance may represent a <br/>complicating factor. This study aimed to describe the microbiological features and <br/>susceptibility profiles of pathogens associated with 212 cases of external otitis, <br/>comprising 118 dogs and 94 cats. The specimens were processed to identify bacterial <br/>aetiologies following standard microbiological methods. Antimicrobial susceptibility <br/>was determined in vitro against 11 antibiotics based on the CLSI standardized <br/>procedures and interpretation criteria. PCR screening of isolated bacteria revealed that <br/>E. coli and K. pneumoniae harbored ESBL genes like blaTEM, blaCTX-M, and other <br/>resistance genes aadB and qnrB. Likewise, the other Gram-negative isolates of P. <br/>aeruginosa and P. mirabilis were also positive for the same resistance genes. Gram-<br/>positive S. aureus harbored blaZ and norA resistance genes. The presence of <br/>emerging rates of multidrug resistance observed in almost all of the isolates may alert <br/>for a near future of challenging veterinary cases unresponsive to first-line <br/>antimicrobials.
520 #3 - SUMMARY, ETC.
Summary, etc. إن مسببات التهاب الأذن لدى الكلاب والقطط متعددة العوامل ومعقدة، وتشمل مسببات الأمراض البكتيرية والفطرية. ونظرًا لأن وصف مضادات الميكروبات التجريبية ممارسة شائعة في علاج مثل هذه الحالات، فقد تُمثل مقاومة مضادات الميكروبات عاملًا مُعقّدًا. هدفت هذه الدراسة إلى وصف السمات الميكروبيولوجية وملامح حساسية مسببات الأمراض المرتبطة بـ 212 حالة من التهاب الأذن الخارجية، شملت 118 كلبًا و94 قطة. عولجت العينات لتحديد مسببات الأمراض البكتيرية باتباع الطرق الميكروبيولوجية القياسية. حُددت حساسية مضادات الميكروبات في المختبر ضد 11 مضادًا حيويًا بناءً على إجراءات CLSI القياسية ومعايير التفسير. كشف فحص تفاعل البوليميراز المتسلسل (PCR) للبكتيريا المعزولة أن الإشريكية القولونية والكلبسيلية الرئوية تحملان جينات ESBL مثل blaTEM وblaCTX-M، وجينات مقاومة أخرى مثل aadB وqnrB. وبالمثل، أظهرت عزلات أخرى سلبية الغرام من الزائفة الزنجارية والزائفة المعجزة جينات مقاومة موجبة. احتوت المكورات العنقودية الذهبية موجبة الغرام على جينات مقاومة blaZ وnorA. قد يُنذر وجود معدلات ناشئة لمقاومة الأدوية المتعددة، الملحوظة في جميع العزلات تقريبًا، بحالات بيطرية صعبة لا تستجيب لمضادات الميكروبات من الخط الأول في المستقبل القريب.
530 ## - ADDITIONAL PHYSICAL FORM AVAILABLE NOTE
Issues CD Issues also as CD.
546 ## - LANGUAGE NOTE
Text Language Text in English and abstract in Arabic & English.
650 #0 - SUBJECT ADDED ENTRY--TOPICAL TERM
Topical term or geographic name entry element taphylococcus aureus infections
650 #0 - SUBJECT ADDED ENTRY--TOPICAL TERM
Topical term or geographic name entry element عدوى المكورات العنقودية
653 #1 - INDEX TERM--UNCONTROLLED
Uncontrolled term Antimicrobial
-- ear infections
-- pets
-- Pseudomonas aeruginosa
-- Staphylococcus aureus
-- K. pneumonia
-- blaTEM
-- blaCTX-M
-- P. aeruginosa
-- S. aureus
-- blaZ
-- مضاد للميكروبات
-- التهاب الأذن
700 0# - ADDED ENTRY--PERSONAL NAME
Personal name Mahmoud El-Sayed Hashad
Relator term thesis advisor.
700 0# - ADDED ENTRY--PERSONAL NAME
Personal name Sherif Abd El Monem Marouf,
Relator term thesis advisor.
700 0# - ADDED ENTRY--PERSONAL NAME
Personal name Soliman Mohamed Soliman
Relator term thesis advisor.
900 ## - Thesis Information
Grant date 01-01-2025
Supervisory body Mahmoud El-Sayed Hashad
-- Sherif Abd El Monem Marouf
-- Soliman Mohamed Soliman
Universities Cairo University
Faculties Faculty of Veterinary Medicine
Department Department of Microbiology
905 ## - Cataloger and Reviser Names
Cataloger Name Shimaa
942 ## - ADDED ENTRY ELEMENTS (KOHA)
Source of classification or shelving scheme Dewey Decimal Classification
Koha item type Thesis
Edition 21
Suppress in OPAC No
Holdings
Source of classification or shelving scheme Home library Current library Date acquired Inventory number Full call number Barcode Date last seen Effective from Koha item type
Dewey Decimal Classification المكتبة المركزبة الجديدة - جامعة القاهرة قاعة الرسائل الجامعية - الدور الاول 21.04.2026 93848 Cai01.10.10.M.Sc.2025.Ma.M 01010110093848000 21.04.2026 21.04.2026 Thesis
Cairo University Libraries Portal Implemented & Customized by: Eng. M. Mohamady Contacts: new-lib@cl.cu.edu.eg | cnul@cl.cu.edu.eg
CUCL logo CNUL logo
© All rights reserved — Cairo University Libraries
CUCL logo
Implemented & Customized by: Eng. M. Mohamady Contact: new-lib@cl.cu.edu.eg © All rights reserved — New Central Library
CNUL logo
Implemented & Customized by: Eng. M. Mohamady Contact: cnul@cl.cu.edu.eg © All rights reserved — Cairo National University Library